000 00624nam a2200217Ia 4500
003 LK-CoDNM
005 20240829093346.0
008 010623t1929 xxu||||| |||| 00| 1 sin d
040 _aLK-CoDNM
_dLK-CoDNM
_eLK-CoDNM
041 _asin
080 _a8a
_bK5
100 _aමුනසිංහ අප්පුහාමි
245 _aපන්සිය පනස් ජාතක පොත
246 _aPansiya Panas Jaathaka Potha
260 _c1929
300 _b185p. : 25 cm
490 _vVol. VII
650 _aJathaka Stories
700 _aසිරිවඩන අප්පුහාමි
942 _cBK
999 _c94891
_d94891